[Event "WCh Women"]
[Site "Antakya TUR"]
[Date "2010.12.04"]
[Round "1"]
[White "Greeff, M. (RSA)"]
[Black "Koneru, H. (IND)"]
[Result "0-1"]
[WhiteElo "2082"]
[BlackElo "2600"]
[PlyCount "93"]
[EventDate "2010.12.04"]

1. e4 c5 2. Nf3 e6 3. d3 Nc6 4. g3 d5 5. Nbd2 Nf6 6. Bg2 b6 7. O-O Bb7 8. Re1
Be7 9. c3 Qc7 10. Qe2 b5 11. e5 Nd7 12. Nf1 a5 13. Bf4 c4 14. d4 b4 15. Bg5 Bf8
16. N3d2 Nb6 17. f4 h6 18. Bh4 Na4 19. Nb1 Qb6 20. Kh1 bxc3 21. Nxc3 Qb4 22.
Qc2 Qxb2 23. Qxa4 Qxc3 24. Rab1 Bb4 25. a3 Qxe1 26. Rxe1 Bxe1 27. Ne3 Rc8 28.
Qb5 Ba8 29. Qb2 c3 30. Qb5 Bd2 31. Nc2 g5 32. fxg5 hxg5 33. Bxg5 Bxg5 34. Qa6
Rb8 35. Bf1 Kf8 36. Bb5 Kg7 37. Bxc6 Bxc6 38. Qxc6 Rhc8 39. Qa6 Rc4 40. h4 Rb1+
41. Kg2 Rb2 42. hxg5 Rxc2+ 43. Kf3 Rf2+ 44. Kxf2 c2 45. Qxa5 c1=Q 46. Qd8 Rc2+
47. Kf3 0-1

[Event "WCh Women"]
[Site "Antakya TUR"]
[Date "2010.12.04"]
[Round "1"]
[White "Ding Yixin (CHN)"]
[Black "Hoang Thanh Trang (HUN)"]
[Result "1-0"]
[WhiteElo "2370"]
[BlackElo "2473"]
[PlyCount "96"]
[EventDate "2010.12.04"]

1. e4 e6 2. d4 d5 3. Nc3 Nf6 4. Bg5 Bb4 5. e5 h6 6. Bd2 Bxc3 7. bxc3 Ne4 8. Qg4
Kf8 9. Bd3 Nxd2 10. Kxd2 c5 11. h4 c4 12. Bf1 b5 13. Rh3 Nc6 14. Ne2 a5 15. a3
Rg8 16. Rf3 Ne7 17. Qf4 Nf5 18. g4 g5 19. hxg5 hxg5 20. Qh2 Nh4 21. Rh3 Bd7 22.
Qg3 Qe7 23. Qe3 Rb8 24. Ng3 b4 25. axb4 axb4 26. Nh5 b3 27. cxb3 cxb3 28. Nf6
Rg6 29. Bd3 Rxf6 30. exf6 Qxf6 31. f4 Ng6 32. Bxg6 Qxg6 33. Rh8+ Kg7 34. f5
Rxh8 35. fxg6 Rh2+ 36. Kd3 Bb5+ 37. c4 Bxc4+ 38. Kc3 Kxg6 39. Rb1 Ra2 40. Qh3
Kg7 41. Rh1 Kf8 42. Qh6+ Ke8 43. Qxg5 Rc2+ 44. Kb4 b2 45. Rh8+ Kd7 46. Qd8+ Kc6
47. Qc8+ Kd6 48. Qb8+ Kd7 1-0

[Event "WCh Women"]
[Site "Antakya TUR"]
[Date "2010.12.04"]
[Round "1"]
[White "Pogonina, N. (RUS)"]
[Black "Kovanova, B. (RUS)"]
[Result "0-1"]
[WhiteElo "2472"]
[BlackElo "2380"]
[PlyCount "30"]
[EventDate "2010.12.04"]

1. e4 e5 2. Nf3 Nc6 3. Bb5 a6 4. Ba4 Nf6 5. O-O Be7 6. Re1 b5 7. Bb3 d6 8. a4
b4 9. d4 exd4 10. Nxd4 Na5 11. Ba2 O-O 12. c3 Rb8 13. cxb4 Rxb4 14. Nc3 c5 15.
Nc2 Rb8 0-1

[Event "WCh Women"]
[Site "Antakya TUR"]
[Date "2010.12.04"]
[Round "1"]
[White "Romanko, M. (RUS)"]
[Black "Zhukova, N. (UKR)"]
[Result "1/2-1/2"]
[WhiteElo "2414"]
[BlackElo "2447"]
[PlyCount "50"]
[EventDate "2010.12.04"]

1. d4 Nf6 2. c4 e6 3. Nc3 Bb4 4. Qc2 O-O 5. a3 Bxc3+ 6. Qxc3 d5 7. Bg5 c5 8.
dxc5 d4 9. Qc2 Nbd7 10. e3 h6 11. Bh4 e5 12. exd4 exd4 13. O-O-O Nxc5 14. Nf3
Qb6 15. Nxd4 Rd8 16. f3 Bd7 17. Nb5 Bxb5 18. Rxd8+ Rxd8 19. cxb5 Ne6 20. Kb1
Nd4 21. Qf2 Qe6 22. Bd3 g5 23. Bg3 Nxb5 24. Bxb5 Qf5+ 25. Qc2 Qxb5 1/2-1/2

[Event "WCh Women"]
[Site "Antakya TUR"]
[Date "2010.12.04"]
[Round "1"]
[White "Soumya, Sw (IND)"]
[Black "Socko, M. (POL)"]
[Result "0-1"]
[WhiteElo "2332"]
[BlackElo "2495"]
[PlyCount "81"]
[EventDate "2010.12.04"]

1. e4 e6 2. d4 d5 3. e5 c5 4. c3 Qb6 5. Nf3 Nc6 6. a3 c4 7. Nbd2 Na5 8. Be2 Bd7
9. O-O Ne7 10. Re1 Nc8 11. Rb1 Qc7 12. Nf1 Nb6 13. Bg5 h6 14. Bh4 g5 15. Bg3
Ba4 16. Qc1 Be7 17. h4 g4 18. N3h2 h5 19. f3 O-O-O 20. fxg4 hxg4 21. Bxg4 Bxh4
22. Bxh4 Rxh4 23. g3 Rh7 24. Re2 Rg8 25. Qf4 Kb8 26. Ne3 Nc6 27. Rf1 Ne7 28.
Rg2 Ng6 29. Qf2 Rgh8 30. Qd2 Nd7 31. Be2 a6 32. Neg4 Ne7 33. Ne3 Ka7 34. Rf3
Qd8 35. Rf4 Ng6 36. Rf1 f5 37. exf6 Nxf6 38. Bf3 Qd6 39. Neg4 Nxg4 40. Bxg4 e5
41. Qg5 0-1